Economía
Saved in:
| Hovedforfatter: | |
|---|---|
| Format: | Bog |
| Sprog: | spansk |
| Udgivet: |
Madrid
McGraw Hill Interamericana
2002
|
| Fag: | |
| Tags: |
Tilføj Tag
Ingen Tags, Vær først til at tagge denne postø!
|
MARC
| LEADER | 00000nam a2200000 a 4500 | ||
|---|---|---|---|
| 001 | UCM7329 | ||
| 003 | CL-VaPUC | ||
| 008 | 021213e20020000SP |||||||||||||||||spa|d | ||
| 082 | 0 | 4 | |a 330 |b BEG |2 21 |
| 100 | 0 | |a Begg, David |e author |9 472892 | |
| 245 | 1 | 0 | |a Economía |
| 300 | |a 623 p | ||
| 942 | |c BK | ||
| 945 | |d 20021213 00:00:00 |a vberengu | ||
| 260 | |a Madrid |b McGraw Hill Interamericana |c 2002 | ||
| 650 | 0 | |a Economía |9 255568 | |
| 650 | 0 | |a Producción |9 263680 | |
| 650 | 0 | |a Oferta y demanda |9 255571 | |
| 650 | 0 | |a Macroeconomía |9 260301 | |
| 650 | 7 | |a SISTEMAS MONETARIOS |2 CL-VaPUC |9 342366 | |
| 650 | 0 | |a Microeconomía |9 258126 | |
| 650 | 0 | |a Dinero |9 314331 | |
| 650 | 7 | |a COMERCIO INTERNACIONAL |2 CL-VaPUC |9 472893 | |
| 650 | 0 | |a Política comercial |9 259070 | |
| 583 | |a last modification |c 20021213 00:00:00 |k Rodrigo Vera | ||
| 999 | |c 302173 |d 302171 | ||
| 952 | |0 0 |1 0 |4 0 |6 330_000000000000000_BEG_2002 |7 0 |8 CCM |9 362267 |a BIBCUR |b BIBCUR |d 2019-11-21 |i 3868389 |o 330 BEG 2002 |p 3868389 |r 2025-04-22 |w 2019-11-21 |y BK_R |k CIM | ||